| 000 | 01529nam a2200385 c 4500 | ||
|---|---|---|---|
| 001 | 7760 | ||
| 003 | ES-MaCES | ||
| 005 | 20150925135747.0 | ||
| 008 | 980815s1996 sp a z010 | spa d | ||
| 017 |
_aM 18645-1996 _bDL |
||
| 035 | _aCES19980080817m | ||
| 040 |
_aES-MaCES _bspa _cES-MaCES |
||
| 245 | 0 | 0 |
_a20 años avanzando en libertad, 1976-1996 _celaboración y selección a cargo de Nuria Franco Fernández, Ester Ramos Ruiz, Jesús Rodríguez Salvanés |
| 246 | 3 | _aVeinte años avanzando en libertad, 1976-1996 | |
| 260 |
_a[Madrid] _bUGT, Secretaría de Comunicación e Imagen Confederal _cD.L. 1996 |
||
| 300 |
_a[10], 216 p. _bil. col. y n. _c27 cm |
||
| 500 | _aEn la port., además: Fundación F. Largo Caballero | ||
| 500 | _aEn la cub., además: 1976: XXX Congreso UGT | ||
| 541 | _cGratuito | ||
| 610 | 2 | 4 |
_aUnión General de Trabajadores de España _95144 |
| 650 | 4 |
_asindicalismo _929453 |
|
| 650 | 4 |
_aactitud sindical _929839 |
|
| 650 | 4 |
_aEspaña _926964 |
|
| 650 | 4 |
_a1976-1996 _931231 |
|
| 653 | 1 | 0 | _aOrganizaciones |
| 650 | 4 |
_928377 _asindicato |
|
| 700 | 1 |
_aFranco Fernández, Nuria _eed. lit. _912359 |
|
| 700 | 1 |
_aRamos Ruiz, Ester _eed. lit. _921725 |
|
| 700 | 1 |
_aRodríguez Salvanés, Jesús _eed. lit. _922438 |
|
| 710 | 2 |
_aUnión General de Trabajadores de España _bSecretaría de Comunicación e Imagen Confederal _eed. _95161 |
|
| 710 | 2 |
_aFundación Francisco Largo Caballero _93826 |
|
| 902 | _aLIB Libro | ||
| 942 |
_2CES _cBK _h6.3. |
||
| 999 |
_c7760 _d7760 |
||